20 Largest Cities in the West North Central Region in the USA - Statistics

General Stats
  • This quiz has been taken 56 times
  • The average score is 13 of 20
Answer Stats
Picture Answer % Correct
Kansas City
92%
Kansas City
92%
Minneapolis
92%
St. Louis
92%
Des Moines
89%
Saint Paul
89%
Omaha
84%
Topeka
82%
Lincoln
76%
Wichita
74%
Fargo
71%
Sioux Falls
66%
Cedar Rapids
45%
Springfield
42%
Columbia
37%
Davenport
37%
Independence
34%
Olathe
34%
Rochester
32%
Lee's Summit
16%
No matching quizzes found
Score Distribution
Percent of People with Each Score
Percentile by Number Answered
Your Score History
You have not taken this quiz